[Event "17. Sombor open"]
[Site "Sombor, Citaonicka 9"]
[Date "2025.04.07"]
[Round "9.1"]
[White "Kurcubic, Drago"]
[Black "Delija, Dragan"]
[Result "1-0"]
[WhiteElo "2120"]
[BlackElo "1874"]
[PlyCount "77"]
[EventDate "2025.03.19"]

1. e4 c6 2. d4 d5 3. exd5 cxd5 4. c4 Nf6 5. Nc3 Nc6 6. Nf3 Bg4 7. Be3 e6 8. h3
Bh5 9. c5 Be7 10. Be2 O-O 11. O-O Re8 12. a3 a5 13. Rb1 Bg6 14. Bd3 Bxd3 15.
Qxd3 h6 16. b4 axb4 17. axb4 Ra3 18. Qc2 Qd7 19. b5 Na5 20. Ne5 Qc7 21. b6 Qc8
22. Nb5 Rxe3 23. fxe3 Rf8 24. Ra1 Nc4 25. Nxc4 dxc4 26. Qxc4 Nd5 27. Qb3 Qb8
28. e4 Nf4 29. Qf3 g5 30. e5 f6 31. Ra7 fxe5 32. Qxb7 Qxb7 33. Rxb7 Ne2+ 34.
Kh2 Rxf1 35. Rxe7 g4 36. hxg4 exd4 37. b7 Rf8 38. c6 d3 39. c7 1-0

[Event "17. Sombor open"]
[Site "Sombor, Citaonicka 9"]
[Date "2025.04.07"]
[Round "9.2"]
[White "Vujnovic, Igor"]
[Black "Skrobonja, Sinisa"]
[Result "1-0"]
[WhiteElo "1856"]
[BlackElo "1995"]
[PlyCount "80"]
[EventDate "2025.03.19"]

1. e4 g6 2. d4 Bg7 3. Nc3 d6 4. Be3 a6 5. Qd2 b5 6. a3 Bb7 7. f3 Nd7 8. Nh3 h6
9. Nf2 e6 10. Be2 d5 11. O-O Rc8 12. exd5 exd5 13. Nd3 Ne7 14. Bf2 O-O 15. Rad1
Nf5 16. Nc5 Nxc5 17. dxc5 Re8 18. Rfe1 Qf6 19. Qf4 h5 20. Bd3 Rxe1+ 21. Rxe1
Bh6 22. Qb4 Rd8 23. Bxf5 Qxf5 24. a4 c6 25. Qa5 Rf8 26. Qb6 Ba8 27. Re2 Qc8 28.
Re7 Bg5 29. Ra7 Qf5 30. Rxa8 Rxa8 31. Qxc6 Rd8 32. h4 Bh6 33. axb5 axb5 34.
Nxb5 Qxc2 35. Qf6 Rf8 36. Bd4 Qc1+ 37. Kf2 Qd2+ 38. Kg3 Qe1+ 39. Kh2 Bf4+ 40.
Qxf4 Qe6 1-0

[Event "17. Sombor open"]
[Site "Sombor, Citaonicka 9"]
[Date "2025.04.07"]
[Round "9.3"]
[White "Travica, Robert"]
[Black "Kovacs, Attila F"]
[Result "1-0"]
[WhiteElo "2018"]
[BlackElo "1891"]
[PlyCount "99"]
[EventDate "2025.03.19"]

1. e4 e5 2. Nf3 Nf6 3. d4 Nxe4 4. dxe5 Nc6 5. Bc4 Nc5 6. O-O Ne6 7. Nc3 Bc5 8.
Ne4 Be7 9. Be3 b6 10. c3 Bb7 11. Bd5 Qc8 12. b4 Ncd8 13. Qd3 Bxd5 14. Qxd5 Qb7
15. Qd3 Nc6 16. a4 a6 17. Rfd1 Rd8 18. Qc2 h6 19. Rd2 O-O 20. Rad1 Nb8 21. h4
f5 22. exf6 Bxf6 23. Nxf6+ Rxf6 24. Ne5 d6 25. Ng4 Rdf8 26. Nxf6+ Rxf6 27. Qd3
Nd7 28. Qd5 Qxd5 29. Rxd5 Ne5 30. Bd4 Nxd4 31. R5xd4 Rg6 32. Rf4 Rf6 33. Rxf6
gxf6 34. Rd4 h5 35. f4 Ng6 36. b5 axb5 37. axb5 Nf8 38. Rd5 Ne6 39. g3 Ng7 40.
f5 Kf7 41. Kf2 Ne8 42. Kf3 Ng7 43. Kf4 Ke7 44. Rd1 Kf7 45. g4 hxg4 46. Kxg4 Ne8
47. c4 d5 48. Rxd5 Nd6 49. Rxd6 cxd6 50. Kf4 1-0

[Event "17. Sombor open"]
[Site "Sombor, Citaonicka 9"]
[Date "2025.04.07"]
[Round "9.4"]
[White "Stojkovic, Andreja"]
[Black "Pek, Istvan"]
[Result "0-1"]
[WhiteElo "1905"]
[BlackElo "1865"]
[PlyCount "136"]
[EventDate "2025.03.19"]

1. e4 c5 2. a3 Nc6 3. b4 cxb4 4. axb4 Nxb4 5. d4 Nc6 6. c3 d6 7. f4 Nf6 8. d5
Nb8 9. Be3 g6 10. Be2 Bg7 11. Bf3 Nbd7 12. Bd4 O-O 13. e5 dxe5 14. fxe5 Ne8 15.
Qe2 Qc7 16. e6 Nc5 17. Qb5 Bxd4 18. cxd4 Nxe6 19. dxe6 Qc1+ 20. Kf2 Bxe6 21. d5
Nd6 22. Qb4 Bf5 23. g4 Bxb1 24. Rxb1 Qg5 25. Nh3 Qh4+ 26. Kg2 Rac8 27. Rhc1
Rxc1 28. Rxc1 h5 29. Qf4 hxg4 30. Bxg4 f5 31. Bf3 Qxf4 32. Nxf4 Kf7 33. Ne6 Ra8
34. Nd4 a5 35. Be2 Kf6 36. Nb5 Nxb5 37. Bxb5 Ke5 38. Rd1 a4 39. Ra1 a3 40. Be2
g5 41. h3 Ra5 42. Bc4 Kd4 43. Be2 b5 44. Bxb5 Rxb5 45. Rxa3 Rxd5 46. Ra4+ Ke5
47. Ra2 Kf6 48. Ra6+ e6 49. Rb6 Ke5 50. Rb3 Ke4 51. Rb2 f4 52. Re2+ Kf5 53. Ra2
e5 54. Ra8 Rd2+ 55. Kf1 Rh2 56. Rf8+ Ke4 57. Rg8 Kf3 58. Ke1 Rh1+ 59. Kd2 Rxh3
60. Rxg5 e4 61. Ra5 e3+ 62. Kc2 Ke2 63. Ra2 Rh5 64. Kc1+ Ke1 65. Ra4 Rc5+ 66.
Kb1 f3 67. Re4 e2 68. Rf4 f2 0-1

[Event "17. Sombor Open"]
[Site "?"]
[Date "2025.04.07"]
[Round "9.5"]
[White "Beslin, Igor"]
[Black "Sasic, Miodrag"]
[Result "1-0"]
[WhiteElo "1907"]
[BlackElo "1763"]
[PlyCount "103"]
[EventDate "2025.??.??"]

1. e4 c5 2. Nf3 d6 3. d4 cxd4 4. Nxd4 Nf6 5. Nc3 a6 6. Be2 b5 7. a3 Bb7 8. f3
e6 9. Be3 Nbd7 10. Qd2 Rc8 11. O-O-O Qc7 12. g4 d5 13. g5 Ng8 14. exd5 Nc5 15.
dxe6 Nxe6 16. Ncxb5 Qe5 17. f4 Qd5 18. Bf3 Qd7 19. Bxb7 Qxb7 20. Nxe6 fxe6 21.
Nd6+ Bxd6 22. Qxd6 Qc6 23. Qxc6+ Rxc6 24. Bd4 Rc7 25. Rhe1 Kf7 26. Be5 Rb7 27.
Rd8 h6 28. g6+ Kxg6 29. Rg1+ Kh7 30. Rd6 Nf6 31. Bxf6 gxf6 32. Rxe6 Rf8 33.
Rxa6 Rff7 34. b4 Rb5 35. c4 Rf5 36. Rf1 Re7 37. Kd2 h5 38. c5 h4 39. Rd6 Kh6
40. Kd3 Rg7 41. Ke4 Rh5 42. Rxf6+ Kh7 43. Rd1 h3 44. c6 Re7+ 45. Kf3 Kg7 46.
Rfd6 Rh8 47. Rd7 Kf6 48. c7 Rc8 49. Rxe7 Kxe7 50. Rc1 Kd7 51. b5 Ra8 52. b6 1-0

[Event "17. Sombor open"]
[Site "Sombor, Citaonicka 9"]
[Date "2025.04.07"]
[Round "9.6"]
[White "Kelic, Dusan"]
[Black "Gajcin, Sinisa"]
[Result "0-1"]
[WhiteElo "1698"]
[BlackElo "1797"]
[PlyCount "75"]
[EventDate "2025.03.19"]

1. e4 d6 2. d4 g6 3. Nf3 Bg7 4. Bb5+ c6 5. Be2 Nf6 6. Nc3 O-O 7. O-O Nbd7 8. e5
dxe5 9. dxe5 Ng4 10. e6 Nde5 11. exf7+ Kxf7 12. Ng5+ Kg8 13. Bf4 Qxd1 14. Raxd1
Rxf4 15. Rd8+ Rf8 16. Rd4 Nf6 17. f4 Neg4 18. Bc4+ Nd5 19. Re4 Bxc3 20. bxc3 h6
21. Ne6 Bxe6 22. Rxe6 Kf7 23. f5 gxf5 24. Re4 Ke8 25. Re6 Nge3 26. Bxd5 Nxf1
27. Bf3 Nd2 28. Bh5+ Kd7 29. Re3 Rf6 30. Be2 Ne4 31. g4 e6 32. gxf5 exf5 33.
Rd3+ Kc7 34. Bf3 Rg8+ 35. Kf1 Rd6 36. Ke1 Re8 37. Rxd6 Kxd6 38. Bxe4 0-1

[Event "17. Sombor open"]
[Site "Sombor, Citaonicka 9"]
[Date "2025.04.07"]
[Round "9.9"]
[White "Kokai, Lea"]
[Black "Basaric, Ana"]
[Result "1/2-1/2"]
[WhiteElo "1525"]
[BlackElo "1575"]
[PlyCount "43"]
[EventDate "2025.03.19"]

1. e4 c5 2. d4 cxd4 3. Qxd4 Nc6 4. Qd3 g6 5. Nc3 Bg7 6. Nf3 Nf6 7. Be2 O-O 8.
O-O d6 9. Nd5 Bg4 10. c3 Bxf3 11. Bxf3 Ne5 12. Qe2 Nxf3+ 13. Qxf3 e6 14. Nb4
Qe7 15. Be3 a5 16. Nc2 d5 17. e5 Nd7 18. Bd4 Bxe5 19. Rfe1 Bxd4 20. Nxd4 Nf6
21. Rad1 Ne4 22. h3 1/2-1/2

[Event "17. Sombor open"]
[Site "Sombor, Citaonicka 9"]
[Date "2025.04.07"]
[Round "9.10"]
[White "Djurosev, Djordje"]
[Black "Trkulja, Dunja"]
[Result "1-0"]
[WhiteElo "1642"]
[BlackElo "1454"]
[PlyCount "65"]
[EventDate "2025.03.19"]

1. e4 e5 2. c3 Nf6 3. d3 h6 4. Nf3 Bc5 5. Be2 Ng4 6. O-O d6 7. h3 Nf6 8. Nbd2
O-O 9. Nb3 Bb6 10. Qc2 Bd7 11. d4 Nc6 12. Be3 exd4 13. cxd4 Ne7 14. Rad1 Bc6
15. Bd3 d5 16. Ne5 dxe4 17. Nxc6 bxc6 18. Bxe4 Nxe4 19. Qxe4 Nc8 20. Qxc6 Ne7
21. Qf3 Nd5 22. Qg3 Nxe3 23. fxe3 Re8 24. Rf3 c5 25. Qf4 Re7 26. Rdf1 Qe8 27.
dxc5 Bc7 28. Qc4 Rd7 29. Nd4 Re7 30. Nf5 Re6 31. Qg4 g6 32. Nxh6+ Kf8 33. Rxf7+
1-0